[Event "Manhem IM Swiss 2002"]
[Site "?"]
[Date "2002.06.13"]
[Round "6"]
[White "Areklett, Ivar"]
[Black "Lichmann, Petr"]
[Result "1-0"]
[WhiteElo "2099"]
[BlackElo "2160"]
[PlyCount "95"]
[EventDate "2003.06.08"]

1. e4 e6 2. d4 d5 3. Nc3 Nf6 4. Bg5 Be7 5. e5 Nfd7 6. h4 a6 7. Qg4 Bxg5 8. hxg5
g6 9. O-O-O c5 10. Nf3 c4 11. Bxc4 dxc4 12. d5 Qe7 13. Qd4 h5 14. Ne4 Rg8 15.
Nd6+ Kd8 16. Rd2 Rf8 17. Rhd1 b5 18. Qc3 a5 19. Nd4 exd5 20. N4xb5 Qxe5 21. Qa3
Nc6 22. Rxd5 Qf4+ 23. Kb1 Nb4 24. Nxc8 Nxd5 25. Rxd5 Kxc8 26. g3 Qb8 27. Qe7
Rd8 28. Nd6+ Kc7 29. Rc5+ Kb6 30. Rb5+ Kc6 31. Rxb8 Raxb8 32. Nxf7 Re8 33. Qd6+
Kb5 34. Qxd7+ Kc5 35. Qc7+ Kd4 36. c3+ Kd3 37. Ne5+ Ke2 38. Qxc4+ Kxf2 39. Qf4+
Kg1 40. Nd3 Rbd8 41. Qf2+ Kh1 42. Qf1+ Kh2 43. Qf2+ Kh1 44. Nf4 Rd1+ 45. Kc2
Rg1 46. Qf3+ Kh2 47. Qc6 Re5 48. Qxg6 1-0

[Event "Manhem IM Swiss 2002"]
[Site "?"]
[Date "2002.06.13"]
[Round "6"]
[White "Bekker-Jensen, David"]
[Black "Slapikas, Vytautas"]
[Result "1-0"]
[WhiteElo "2323"]
[BlackElo "2410"]
[PlyCount "77"]
[EventDate "2003.06.08"]

1. d4 Nf6 2. c4 d6 3. Nf3 Nc6 4. g3 e5 5. d5 Ne7 6. Nc3 Ng6 7. e4 Be7 8. h4 Bg4
9. Be2 O-O 10. Nh2 Bxe2 11. Qxe2 Re8 12. Nf1 c6 13. Ne3 Qd7 14. Nf5 cxd5 15.
cxd5 a6 16. h5 Nf8 17. h6 g6 18. Nxe7+ Rxe7 19. Bg5 Ne8 20. Bxe7 Qxe7 21. O-O-O
b5 22. Kb1 Nd7 23. Rc1 Qg5 24. g4 Kf8 25. f3 Nc5 26. Nd1 Qe7 27. Qd2 a5 28. Nf2
Nf6 29. Nd3 Nfd7 30. Rhd1 b4 31. Rf1 Ke8 32. Rfe1 Qh4 33. Nxc5 Nxc5 34. f4 f6
35. fxe5 fxe5 36. Qe2 Rb8 37. Rh1 Qg3 38. Rcf1 b3 39. a3 1-0

[Event "Manhem IM Swiss 2002"]
[Site "?"]
[Date "2002.06.13"]
[Round "6"]
[White "Aleksejev, Vadim"]
[Black "Westerinen, Heikki"]
[Result "1-0"]
[WhiteElo "2407"]
[BlackElo "2403"]
[PlyCount "137"]
[EventDate "2003.06.08"]

1. d4 e6 2. Nf3 d5 3. c4 Nf6 4. Nc3 Be7 5. Bf4 O-O 6. e3 b6 7. cxd5 Nxd5 8.
Nxd5 exd5 9. Bd3 Ba6 10. Bxa6 Nxa6 11. Qa4 Nb4 12. Ke2 Bd6 13. g3 a5 14. a3 Na6
15. Qc6 Qe8 16. Qxd5 Rd8 17. Qc4 b5 18. Qc2 f5 19. Bxd6 Rxd6 20. Rhe1 c6 21.
Kf1 Qh5 22. e4 fxe4 23. Qxe4 Nc7 24. Qe7 Ne8 25. Re5 Qg6 26. Rae1 h6 27. R1e4
Rdf6 28. Re6 Kh7 29. Qxf8 Rxe6 30. Rxe6 Qxe6 31. Ne5 Nd6 32. Qf3 Nc4 33. Qd3+
Kg8 34. Nxc4 bxc4 35. Qe2 Qf7 36. Qd2 Qd5 37. Qc3 Kh8 38. f3 a4 39. Kf2 Qg5 40.
Kf1 Qb5 41. Kf2 Qb8 42. h3 Qb5 43. Ke1 Qd5 44. Qe3 Qb5 45. Qd2 Qf5 46. Kd1 Qb1+
47. Ke2 Qf5 48. g4 Qb5 49. Kf2 Qb8 50. Kg2 Qb5 51. h4 Qd5 52. Qf4 Kg8 53. Qe5
Qd7 54. g5 hxg5 55. hxg5 Kf7 56. Kg3 Qb7 57. Qf5+ Ke7 58. Qc5+ Kf7 59. Qxc4+
Kg6 60. f4 Qa8 61. Qe6+ Kh7 62. g6+ Kh6 63. Qf5 Qd8 64. Kg4 Qd5 65. Qxd5 cxd5
66. Kf5 Kh5 67. Ke5 Kxg6 68. Kxd5 Kf5 69. Kc6 1-0

[Event "Manhem IM Swiss 2002"]
[Site "?"]
[Date "2002.06.13"]
[Round "6"]
[White "Andersson, Tommy"]
[Black "Kinnmark, Ove"]
[Result "1-0"]
[WhiteElo "2195"]
[BlackElo "2364"]
[PlyCount "63"]
[EventDate "2003.06.08"]

1. d4 Nf6 2. c4 e6 3. Nf3 Bb4+ 4. Bd2 Qe7 5. g3 O-O 6. Bg2 Bxd2+ 7. Qxd2 d6 8.
O-O e5 9. d5 Ne4 10. Qc2 f5 11. Nh4 Nc5 12. b4 Nca6 13. a3 e4 14. f4 Nd7 15.
Bh3 g6 16. Ng2 Nf6 17. Nc3 Bd7 18. Ne3 Nh5 19. Qd2 Qg7 20. Rad1 b6 21. Qd4 Qh6
22. Nxe4 Nxg3 23. hxg3 Qxh3 24. Nf6+ Rxf6 25. Qxf6 Qxg3+ 26. Ng2 Re8 27. Rd3
Qg4 28. Rff3 Rf8 29. Qe7 Nb8 30. Rde3 Rf7 31. Qd8+ Rf8 32. Qxc7 1-0

[Event "Manhem IM Swiss 2002"]
[Site "?"]
[Date "2002.06.13"]
[Round "6"]
[White "Carlsen, Magnus Oen"]
[Black "Rausis, Igor"]
[Result "1/2-1/2"]
[WhiteElo "2163"]
[BlackElo "2478"]
[PlyCount "54"]
[EventDate "2003.06.08"]

1. Nf3 d5 2. c4 d4 3. g3 Nc6 4. Bg2 e5 5. d3 Bb4+ 6. Bd2 a5 7. O-O Nge7 8. Na3
O-O 9. Nc2 f6 10. a3 Bxd2 11. Nxd2 a4 12. Nb4 Bd7 13. Ne4 b6 14. b3 axb3 15.
Qxb3 Na5 16. Qb2 c5 17. Nd5 Nxd5 18. cxd5 Rb8 19. a4 f5 20. Nd2 Qe8 21. Qa2 Qh5
22. Nc4 Nxc4 23. Qxc4 Rfc8 24. d6+ Kh8 25. a5 bxa5 26. Rxa5 Qg6 27. Qd5 Rb6
1/2-1/2

[Event "Manhem IM Swiss 2002"]
[Site "?"]
[Date "2002.06.13"]
[Round "6"]
[White "Lahlum, Hans Olav"]
[Black "Andersson, Fredrik"]
[Result "1/2-1/2"]
[WhiteElo "2218"]
[BlackElo "2098"]
[PlyCount "106"]
[EventDate "2003.06.08"]

1. d4 Nf6 2. c4 c5 3. d5 b5 4. cxb5 a6 5. f3 d6 6. e4 g6 7. Na3 Bg7 8. Ne2 O-O
9. Nc3 e6 10. Bc4 axb5 11. Naxb5 Nxd5 12. Nxd5 exd5 13. Bxd5 Ra6 14. O-O Nc6
15. Bxc6 Rxc6 16. Na7 Rb6 17. Nxc8 Qxc8 18. Rb1 Qa6 19. a3 Rfb8 20. b4 cxb4 21.
Rxb4 Rxb4 22. axb4 Rxb4 23. Be3 h5 24. Qd5 Rb2 25. Bf2 Be5 26. g3 g5 27. f4
gxf4 28. gxf4 Bxf4 29. Qxh5 Rb5 30. Qf3 Rg5+ 31. Bg3 Qa7+ 32. Kh1 Bxg3 33. hxg3
Qa2 34. Rf2 Qe6 35. Kg1 Rg4 36. Re2 Qg6 37. Kg2 Rg5 38. Re1 Re5 39. Rd1 Qe6 40.
Re1 Qe7 41. Qg4+ Rg5 42. Qf4 Rg6 43. Rh1 Qf6 44. Qxf6 Rxf6 45. Rh5 Kg7 46. Rg5+
Rg6 47. Rd5 Re6 48. Kf3 Kf6 49. Kf4 Kg6 50. Rg5+ Kf6 51. Rd5 Kg6 52. Rg5+ Kf6
53. Rd5 Kg6 1/2-1/2

[Event "Manhem IM Swiss 2002"]
[Site "?"]
[Date "2002.06.13"]
[Round "6"]
[White "Cech, Pavel"]
[Black "Sarakauskas, Gediminas"]
[Result "0-1"]
[WhiteElo "2337"]
[BlackElo "2388"]
[PlyCount "94"]
[EventDate "2003.06.08"]

1. d4 Nf6 2. Bg5 Ne4 3. h4 c5 4. d5 d6 5. Nd2 Nxg5 6. hxg5 e6 7. dxe6 Bxe6 8.
Ngf3 Nc6 9. e4 Be7 10. g6 fxg6 11. Bc4 Qd7 12. Qe2 g5 13. Bxe6 Qxe6 14. Qc4
Qxc4 15. Nxc4 O-O 16. Ne3 Rae8 17. O-O-O Rf4 18. Nd5 Rxe4 19. Nxe7+ R8xe7 20.
Nxg5 Rg4 21. Nh3 Rxg2 22. Rxd6 g5 23. Rd2 Rf7 24. Rg1 Rxg1+ 25. Nxg1 Kg7 26.
Kd1 h6 27. Ke1 Ne5 28. Rd5 Re7 29. Kf1 b6 30. Ne2 Ng4 31. Ng3 Rf7 32. Rf5 Rxf5
33. Nxf5+ Kf6 34. Nd6 Ne5 35. Kg2 Ke6 36. Nb5 Nc6 37. c3 Kd5 38. f3 Kc4 39.
Nd6+ Kd3 40. Nf7 Kc2 41. Nxh6 Ne5 42. Kf2 Kxb2 43. Ke3 Kxa2 44. Ke4 Nxf3 45.
Kxf3 a5 46. Ke3 a4 47. Kd3 Kb1 0-1

[Event "Manhem IM Swiss 2002"]
[Site "?"]
[Date "2002.06.13"]
[Round "6"]
[White "Helin, Mikael"]
[Black "Jägerflod, Kent"]
[Result "1-0"]
[WhiteElo "2016"]
[BlackElo "2137"]
[PlyCount "95"]
[EventDate "2003.06.08"]

1. e4 c5 2. b4 cxb4 3. d4 d5 4. e5 Bf5 5. a3 bxa3 6. g4 Be4 7. f3 Bg6 8. h4 h6
9. h5 Bh7 10. e6 Qc7 11. Nxa3 Qc3+ 12. Bd2 Qxd4 13. Nb5 Qe5+ 14. Ne2 d4 15. Ra5
Qc5 16. Bf4 Qb4+ 17. Qd2 Qxd2+ 18. Kxd2 Nc6 19. Nc7+ Kd8 20. Rd5+ Kc8 21. Nxa8
fxe6 22. Rc5 e5 23. Bxe5 e6 24. Rc4 Bb4+ 25. Rxb4 Nxe5 26. Nxd4 Nf6 27. Nxe6
Nd5 28. Rb5 Nxf3+ 29. Kc1 Be4 30. Bd3 Bxd3 31. cxd3 Nf6 32. Rf1 Nh2 33. Rf4
Nhxg4 34. Kb2 Kd7 35. Nac7 b6 36. Rd4+ Kc6 37. Rc4+ Kd6 38. Nxg7 Rg8 39. Nf5+
Kd7 40. Nd5 Nxh5 41. Rc7+ Ke6 42. Rc6+ Kf7 43. Rxh6 Rg5 44. Nd6+ Kg7 45. Re6
Ne5 46. Kc3 Ng3 47. Nf4 Rg4 48. Rbxe5 1-0

[Event "Manhem IM Swiss 2002"]
[Site "?"]
[Date "2002.06.14"]
[Round "7"]
[White "Pilgaard, Kim"]
[Black "Pribyl, Josef"]
[Result "1-0"]
[WhiteElo "2426"]
[BlackElo "2413"]
[PlyCount "47"]
[EventDate "2003.06.08"]

1. e4 d6 2. d4 Nf6 3. Nc3 c6 4. f4 Qa5 5. Bd3 e5 6. Nf3 Bg4 7. Be3 Nbd7 8. O-O
Be7 9. h3 Bxf3 10. Qxf3 O-O 11. Ne2 Rfe8 12. c3 Bf8 13. Kh1 b5 14. g4 Re7 15.
Ng3 b4 16. fxe5 dxe5 17. g5 Ne8 18. Nf5 Qd8 19. Bc4 Kh8 20. Rad1 f6 21. g6 bxc3
22. Qh5 h6 23. Bxh6 gxh6 24. Nxh6 1-0

[Event "Manhem IM Swiss 2002"]
[Site "?"]
[Date "2002.06.14"]
[Round "7"]
[White "Polej, Vladimir"]
[Black "Carlsen, Magnus Oen"]
[Result "1-0"]
[WhiteElo "2334"]
[BlackElo "2163"]
[PlyCount "91"]
[EventDate "2003.06.08"]

1. Nf3 c5 2. g3 g6 3. Bg2 Bg7 4. O-O Nc6 5. c4 d6 6. Nc3 Bd7 7. d3 Qc8 8. Re1
Nf6 9. Bd2 Bh3 10. Bh1 h5 11. Ng5 Bg4 12. Bg2 Nd4 13. h3 Bd7 14. e3 Ne6 15. Nf3
O-O 16. Kh2 Bc6 17. e4 Nd7 18. Nh4 Nd4 19. f4 e6 20. Rb1 a5 21. Be3 a4 22. Qd2
Kh7 23. Ne2 Qd8 24. Nxd4 cxd4 25. Bf2 Qa5 26. Qe2 Bf6 27. Nf3 e5 28. h4 Kg7 29.
Bh3 b5 30. Nd2 Nc5 31. Rg1 Qd8 32. f5 Rh8 33. Rbf1 bxc4 34. Nxc4 g5 35. g4 Kf8
36. hxg5 Bxg5 37. gxh5 Bf4+ 38. Bg3 Bxg3+ 39. Rxg3 Qf6 40. Rg6 Qh4 41. Rxd6
Rxh5 42. Rf3 Bxe4 43. dxe4 Nxe4 44. Rd7 Re8 45. Nd6 Nxd6 46. Rxd6 1-0

[Event "Manhem IM Swiss 2002"]
[Site "?"]
[Date "2002.06.14"]
[Round "7"]
[White "Pedersen, Öyvind"]
[Black "Smetankin, Stanislav"]
[Result "1/2-1/2"]
[WhiteElo "2051"]
[BlackElo "2455"]
[PlyCount "131"]
[EventDate "2003.06.08"]

1. e4 c5 2. c3 Nf6 3. e5 Nd5 4. d4 cxd4 5. cxd4 d6 6. Bc4 Nb6 7. Bb5+ Bd7 8. e6
fxe6 9. Bd3 Bc6 10. Nf3 Bxf3 11. Qxf3 Nc6 12. Be3 g6 13. O-O Bg7 14. Bb5 Qd7
15. Rd1 a6 16. Be2 O-O-O 17. Nc3 Kb8 18. Rac1 d5 19. Qf7 Rdg8 20. Bg4 Nd8 21.
Qf4+ Ka7 22. Ne2 h5 23. Bf3 Nc6 24. Qg3 Nc8 25. Nf4 Bh6 26. Nd3 Nd6 27. Nc5 Qc8
28. Bxh6 Rxh6 29. Be2 g5 30. Qa3 Rf8 31. Nxb7 Qxb7 32. Qc5+ Qb6 33. Qxc6 Rb8
34. Qxb6+ Kxb6 35. Rd3 Rc8 36. Rb3+ Ka7 37. Rxc8 Nxc8 38. Ra3 e5 39. Ra5 Nb6
40. Rxa6+ Kb7 41. dxe5 Re6 42. Ra3 Rxe5 43. Re3 Rxe3 44. fxe3 Na4 45. Bxh5 Nxb2
46. Be2 Kc6 47. g3 Kd6 48. h4 gxh4 49. gxh4 e5 50. Kf2 d4 51. exd4 exd4 52. Bg4
Na4 53. Ke1 Nc3 54. a3 d3 55. h5 Ke7 56. Kf2 d2 57. h6 Kf6 58. Ke3 d1=Q 59.
Bxd1 Nxd1+ 60. Kd4 Nb2 61. Kc3 Na4+ 62. Kb4 Nb2 63. Kb3 Nd3 64. Kc3 Nc5 65. Kb4
Nd3+ 66. Kc3 1/2-1/2

[Event "Manhem IM Swiss 2002"]
[Site "?"]
[Date "2002.06.14"]
[Round "7"]
[White "Rausis, Igor"]
[Black "Lönngren, Tobias"]
[Result "1-0"]
[WhiteElo "2478"]
[BlackElo "2122"]
[PlyCount "109"]
[EventDate "2003.06.08"]

1. d4 d5 2. c4 c6 3. Nc3 dxc4 4. Nf3 Nf6 5. a4 Bf5 6. Nh4 Bg6 7. Nxg6 hxg6 8.
e3 e6 9. Bxc4 a5 10. O-O Bd6 11. h3 O-O 12. e4 Bb4 13. Bg5 Qb6 14. Be3 Qd8 15.
Qf3 Nbd7 16. Rfd1 Qe7 17. Bg5 Qe8 18. Ba2 Nh7 19. Be3 Qe7 20. Rac1 Rad8 21. d5
e5 22. dxc6 bxc6 23. Ne2 Rc8 24. Qg4 Nhf6 25. Qxg6 Kh8 26. Qg5 Nc5 27. Ng3 Ne6
28. Qh4+ Nh7 29. Qxe7 Bxe7 30. Rd7 Bg5 31. Rxf7 Bxe3 32. fxe3 Rxf7 33. Bxe6
Rfc7 34. Bxc8 Rxc8 35. Rc5 Rb8 36. Rxe5 Nf6 37. Rxa5 Rb4 38. e5 Nd5 39. e6 Rxb2
40. Ra8+ Kh7 41. Nf5 Rb7 42. e4 Ne7 43. Rd8 Kg6 44. Nxe7+ Rxe7 45. Rd6 c5 46.
a5 Kf6 47. Rc6 Ke5 48. Rxc5+ Kxe4 49. a6 Rxe6 50. Ra5 Re8 51. a7 Ra8 52. Kh2 g5
53. Kg3 Ke3 54. Ra2 g4 55. h4 1-0

[Event "Manhem IM Swiss 2002"]
[Site "?"]
[Date "2002.06.14"]
[Round "7"]
[White "Westerinen, Heikki"]
[Black "Cech, Pavel"]
[Result "1/2-1/2"]
[WhiteElo "2403"]
[BlackElo "2337"]
[PlyCount "54"]
[EventDate "2003.06.08"]

1. e4 e6 2. d4 d5 3. Nc3 Bb4 4. Nge2 dxe4 5. a3 Be7 6. Nxe4 Nf6 7. Qd3 b6 8.
Nxf6+ Bxf6 9. Qe4 Qd5 10. Qxd5 exd5 11. Bf4 c6 12. O-O-O Ba6 13. Ng3 g6 14. Be5
Ke7 15. Re1 Bxf1 16. Rhxf1 Nd7 17. f4 Rhe8 18. Kd2 Kf8 19. Bxf6 Nxf6 20. f5 g5
21. Rxe8+ Rxe8 22. Re1 Rxe1 23. Kxe1 h5 24. Ke2 h4 25. Nf1 Ng4 26. Kf3 Nh6 27.
Ne3 Ke7 1/2-1/2

[Event "Manhem IM Swiss 2002"]
[Site "?"]
[Date "2002.06.14"]
[Round "7"]
[White "von Bahr, Oscar"]
[Black "Olsson, Linus"]
[Result "1/2-1/2"]
[WhiteElo "2249"]
[BlackElo "2273"]
[PlyCount "90"]
[EventDate "2003.06.08"]

1. c4 Nf6 2. Nf3 c5 3. Nc3 d5 4. cxd5 Nxd5 5. e4 Nb4 6. Bc4 Nd3+ 7. Ke2 Nf4+ 8.
Kf1 Ne6 9. b4 g6 10. bxc5 Bg7 11. Bxe6 Bxe6 12. d4 Nc6 13. Be3 Bg4 14. Ne2 O-O
15. h3 Bxf3 16. gxf3 f5 17. Qb3+ Kh8 18. Qxb7 Nxd4 19. Nxd4 Bxd4 20. Rd1 e5 21.
Qd5 Qxd5 22. exd5 Rac8 23. Rxd4 exd4 24. Bxd4+ Kg8 25. Ke2 Rfd8 26. d6 Kf7 27.
Kd3 Ke6 28. Re1+ Kd5 29. Re7 Kc6 30. Rxa7 Rd7 31. Ra4 Kd5 32. Rb4 Ra8 33. a4
Ra6 34. Be3 Rd8 35. Kc3 Rd7 36. Kb3 Rd8 37. Rb7 h5 38. Bg5 Rda8 39. d7 Kc6 40.
Rb6+ Rxb6+ 41. cxb6 Kxd7 42. Kb4 Kc6 43. a5 Re8 44. Be3 f4 45. Bxf4 Re1 1/2-1/2

[Event "Manhem IM Swiss 2002"]
[Site "?"]
[Date "2002.06.14"]
[Round "7"]
[White "Sarakauskas, Gediminas"]
[Black "Bekker-Jensen, David"]
[Result "1/2-1/2"]
[WhiteElo "2388"]
[BlackElo "2323"]
[PlyCount "90"]
[EventDate "2003.06.08"]

1. d4 Nf6 2. c4 g6 3. Nc3 Bg7 4. e4 d6 5. Nf3 O-O 6. Be2 Na6 7. O-O e5 8. Be3
c6 9. d5 Ng4 10. Bg5 f6 11. Bh4 c5 12. Ne1 h5 13. a3 Qe7 14. Nd3 Nh6 15. f4 g5
16. fxg5 fxg5 17. Rxf8+ Bxf8 18. Bf2 g4 19. Be3 Nf7 20. Qd2 Qf6 21. h3 Be7 22.
hxg4 hxg4 23. g3 Qg6 24. Nf2 Nc7 25. Qd1 Ne8 26. Nxg4 Bxg4 27. Bxg4 Nf6 28. Bf3
Qxg3+ 29. Kf1 Nh7 30. Bf2 Qf4 31. Bg2 Bh4 32. Qf3 Qxf3 33. Bxf3 Bxf2 34. Kxf2
Nfg5 35. Ke3 Kf8 36. Bg4 Ke7 37. b4 Nf7 38. Be6 Nhg5 39. Bxf7 Nxf7 40. Rh1 Rg8
41. Ne2 Rg6 42. Rh3 Rf6 43. Rg3 Rh6 44. Rg8 Rh3+ 45. Rg3 Rh6 1/2-1/2

[Event "Manhem IM Swiss 2002"]
[Site "?"]
[Date "2002.06.14"]
[Round "7"]
[White "Slapikas, Vytautas"]
[Black "Wallin, Dennis"]
[Result "1-0"]
[WhiteElo "2410"]
[BlackElo "2114"]
[PlyCount "81"]
[EventDate "2003.06.08"]

1. e4 c5 2. c3 d5 3. exd5 Qxd5 4. d4 Nc6 5. dxc5 Qxd1+ 6. Kxd1 e5 7. Be3 Nge7
8. Bb5 Bd7 9. Nf3 Nd5 10. Bxc6 Nxe3+ 11. fxe3 Bxc6 12. b4 f6 13. Nbd2 b6 14.
cxb6 axb6 15. Nc4 b5 16. Na5 Bd5 17. Kc2 Kf7 18. Rhd1 Be6 19. Kb2 Be7 20. Nc6
Rhc8 21. Nxe7 Kxe7 22. Nd2 Ra7 23. Nb3 Rc4 24. Na5 Rc8 25. Rd2 Rac7 26. Rc1 h5
27. a4 bxa4 28. c4 h4 29. Ka3 f5 30. b5 g5 31. Nc6+ Kf6 32. Kxa4 f4 33. Rd6 h3
34. g3 f3 35. e4 g4 36. Rcd1 Ra8+ 37. Kb4 Ra2 38. R6d2 Rxd2 39. Rxd2 Bd7 40.
Kc5 Bxc6 41. bxc6 1-0

[Event "Manhem IM Swiss 2002"]
[Site "?"]
[Date "2002.06.14"]
[Round "7"]
[White "Mandelbaum, René"]
[Black "Lahlum, Hans Olav"]
[Result "1/2-1/2"]
[WhiteElo "2169"]
[BlackElo "2218"]
[PlyCount "86"]
[EventDate "2003.06.08"]

1. e4 e6 2. d4 d5 3. Nd2 c5 4. exd5 Qxd5 5. Ngf3 cxd4 6. Bc4 Qd6 7. Nb3 Qb4+ 8.
Nbd2 Nc6 9. O-O Nf6 10. a3 Qd6 11. Nb3 e5 12. Ng5 Be6 13. Bxe6 fxe6 14. Nd2 Be7
15. Nde4 Nxe4 16. Nxe4 Qd5 17. Qe2 O-O 18. Rd1 Rad8 19. Rd3 Bf6 20. Rf3 Ne7 21.
Bh6 Ng6 22. g3 Be7 23. Rxf8+ Bxf8 24. Rd1 Be7 25. Bc1 Bf6 26. h4 Rf8 27. h5 Ne7
28. g4 Nc8 29. f3 Nd6 30. Nxd6 Qxd6 31. Qe4 Qd5 32. c3 Qxe4 33. fxe4 Rc8 34.
Bd2 Be7 35. Rc1 dxc3 36. Rxc3 Rxc3 37. Bxc3 Kf7 38. Kf2 Kf6 39. Kf3 Bc5 40. Bd2
Bd4 41. b3 Ke7 42. Ke2 Kd6 43. Kd3 b5 1/2-1/2

[Event "Manhem IM Swiss 2002"]
[Site "?"]
[Date "2002.06.14"]
[Round "7"]
[White "Andersson, Fredrik"]
[Black "Areklett, Ivar"]
[Result "1/2-1/2"]
[WhiteElo "2098"]
[BlackElo "2099"]
[PlyCount "58"]
[EventDate "2003.06.08"]

1. e4 c5 2. Nf3 d6 3. d4 Nf6 4. Nc3 cxd4 5. Nxd4 a6 6. Bc4 e6 7. Bb3 Nbd7 8.
O-O Nc5 9. Re1 Be7 10. f4 O-O 11. Qf3 Qc7 12. Be3 Re8 13. f5 b5 14. fxe6 fxe6
15. Nf5 Nxb3 16. Nxe7+ Qxe7 17. axb3 Bb7 18. b4 Rac8 19. Rad1 Rc4 20. Rd4 Rec8
21. Red1 Rxd4 22. Rxd4 e5 23. Rd2 Rc4 24. Qd1 Ne8 25. Bc5 Bxe4 26. Bxd6 Nxd6
27. Rxd6 Rd4 28. Rxd4 exd4 29. Qxd4 Bxc2 1/2-1/2

[Event "Manhem IM Swiss 2002"]
[Site "?"]
[Date "2002.06.14"]
[Round "7"]
[White "Eriksson, Joel"]
[Black "Jägerflod, Kent"]
[Result "1/2-1/2"]
[WhiteElo "1972"]
[BlackElo "2137"]
[PlyCount "126"]
[EventDate "2003.06.08"]

1. d4 Nf6 2. c4 e5 3. dxe5 Ng4 4. Bf4 Nc6 5. Nf3 Bb4+ 6. Nbd2 Qe7 7. e3 Ngxe5
8. Nxe5 Nxe5 9. Be2 O-O 10. O-O d6 11. Nb3 Ng6 12. Bg3 Be6 13. a3 Bc5 14. Nxc5
dxc5 15. Qc2 f5 16. Rad1 Rad8 17. Bf3 Bc8 18. Rfe1 Kh8 19. Bd5 c6 20. Bf3 Ne5
21. Be2 Nf7 22. Rxd8 Rxd8 23. Rd1 Kg8 24. Rxd8+ Qxd8 25. Qd3 Qf6 26. Qd2 h6 27.
f3 Be6 28. Be1 Qe5 29. Qc3 a6 30. Qxe5 Nxe5 31. b3 Kf7 32. Bc3 Nd7 33. a4 b5
34. a5 g6 35. Kf2 Nf6 36. Bxf6 Kxf6 37. Bd3 Ke5 38. f4+ Kf6 39. Kf3 h5 40. g3
Bd7 41. Bf1 Be6 42. h3 Bd7 43. Ke2 Be6 44. Kd3 Ke7 45. Bg2 Kd6 46. h4 Bd7 47.
cxb5 cxb5 48. Bb7 Be6 49. b4 cxb4 50. Kd4 b3 51. Kc3 Kc5 52. Bxa6 Kc6 53. Kb2
Kc5 54. Bb7 b4 55. Ba6 Bd5 56. Be2 Be6 57. Bd3 Bd5 58. Bf1 Be6 59. Be2 Bd5 60.
a6 Kb6 61. Bd3 Ka7 62. Bb5 Bf7 63. Be2 Kb6 1/2-1/2

[Event "Manhem IM Swiss 2002"]
[Site "?"]
[Date "2002.06.14"]
[Round "7"]
[White "Aleksejev, Vadim"]
[Black "Åkesson, Joel"]
[Result "1/2-1/2"]
[WhiteElo "2407"]
[BlackElo "2234"]
[PlyCount "45"]
[EventDate "2003.06.08"]

1. c4 Nf6 2. Nc3 g6 3. d4 Bg7 4. Bg5 O-O 5. e3 d6 6. Nf3 c5 7. d5 h6 8. Bh4 Qa5
9. Nd2 e6 10. Be2 exd5 11. cxd5 Qb4 12. Nc4 Nxd5 13. O-O Bxc3 14. Qxd5 Bxb2 15.
Rab1 Be6 16. Qd3 d5 17. Rxb2 dxc4 18. Qc2 Qa3 19. Rxb7 Nc6 20. Bf6 Nb4 21.
Qxg6+ fxg6 22. Rg7+ Kh8 23. Rf7+ 1/2-1/2

[Event "Manhem IM Swiss 2002"]
[Site "?"]
[Date "2002.06.14"]
[Round "7"]
[White "Andersen, Alf Roger"]
[Black "Mohammadi, Amir"]
[Result "1/2-1/2"]
[WhiteElo "2144"]
[BlackElo "2149"]
[PlyCount "38"]
[EventDate "2003.06.08"]

1. e4 c5 2. Nf3 e6 3. d4 cxd4 4. Nxd4 Nf6 5. Nc3 d6 6. Be3 a6 7. g4 b5 8. g5
Nfd7 9. Qd2 Bb7 10. f3 Nb6 11. O-O-O N8d7 12. Qf2 Qc7 13. a3 Nc4 14. Bxc4 Qxc4
15. h4 O-O-O 16. Nb3 Qc7 17. Rhe1 Be7 18. Bd4 Rhg8 19. Kb1 Nc5 1/2-1/2

[Event "Manhem IM Swiss 2002"]
[Site "?"]
[Date "2002.06.14"]
[Round "7"]
[White "Labuckas, Aidas"]
[Black "Andersson, Tommy"]
[Result "0-1"]
[WhiteElo "2355"]
[BlackElo "2195"]
[PlyCount "68"]
[EventDate "2003.06.08"]

1. c4 e5 2. Nc3 Bb4 3. Qc2 Nc6 4. Nf3 a5 5. e3 Bxc3 6. Qxc3 d6 7. Be2 Nge7 8.
O-O Bg4 9. d3 O-O 10. b3 f5 11. Bb2 Rf6 12. Rfe1 Qe8 13. h3 Qh5 14. hxg4 fxg4
15. Nh2 Rh6 16. Bxg4 Qxh2+ 17. Kf1 Rf8 18. Bf3 g5 19. Ke2 g4 20. Be4 Rhf6 21.
Rf1 Nf5 22. Qd2 Qh4 23. Qe1 Nb4 24. Kd1 Nxe3+ 25. Qxe3 Rxf2 26. Rxf2 Rxf2 27.
d4 Rxb2 28. g3 Qf6 29. dxe5 Qxe5 30. Bd5+ Nxd5 31. Qxe5 dxe5 32. cxd5 Rg2 33.
Rc1 Rg1+ 34. Kd2 Rxc1 0-1

[Event "Manhem IM Swiss 2002"]
[Site "?"]
[Date "2002.06.14"]
[Round "7"]
[White "Lichmann, Petr"]
[Black "Westin, Bertil"]
[Result "1-0"]
[WhiteElo "2160"]
[BlackElo "2072"]
[PlyCount "159"]
[EventDate "2003.06.08"]

1. e4 c5 2. Nf3 Nc6 3. d4 cxd4 4. Nxd4 Nf6 5. Nc3 d6 6. Bc4 Qb6 7. Nde2 e6 8.
Bb3 a6 9. O-O Be7 10. Be3 Qc7 11. Ng3 h5 12. h3 b5 13. a3 Bd7 14. f4 Na5 15.
Ba2 Nc4 16. Bxc4 bxc4 17. Bd4 h4 18. Nge2 e5 19. Be3 Qb7 20. Nd5 Nxe4 21. Nxe7
Kxe7 22. fxe5 dxe5 23. Nc3 Rac8 24. Qf3 f5 25. Rae1 Ke8 26. Bc1 Qb6+ 27. Kh2
Ng3 28. Rxe5+ Kf8 29. Rfe1 Bc6 30. Qf4 Rh6 31. Re7 Rg6 32. R7e2 Nxe2 33. Qxf5+
Rf6 34. Qxc8+ Kf7 35. Rxe2 Rf1 36. Qe6+ Kf8 37. Qe3 Qc7+ 38. Qe5 Qxe5+ 39. Rxe5
Rxc1 40. Re2 Rf1 41. Rd2 Ke7 42. Nd1 Ke6 43. Ne3 Rf4 44. c3 Ke5 45. Kg1 g5 46.
Ng4+ Ke6 47. Ne3 Bb5 48. Rd4 Ke5 49. Ng4+ Kf5 50. Rd5+ Ke4 51. Rd6 Rf8 52. Rd4+
Kf5 53. Kf2 Rc8 54. Ne3+ Kf6 55. Rd6+ Kf7 56. Nc2 Rf8 57. Ke2 Ke7 58. Rg6 Rf5
59. Nd4 Re5+ 60. Kf2 Kf7 61. Rb6 Kg7 62. Nf3 Rd5 63. Nd4 Re5 64. Kf3 Kf7 65.
Rd6 Ke7 66. Rg6 Kf7 67. Rb6 Ke7 68. Rg6 Kf7 69. Rh6 Kg7 70. Re6 Rxe6 71. Nxe6+
Kf6 72. Nd4 Be8 73. Ke3 Bg6 74. Nf3 Bd3 75. b4 Bf1 76. Ne1 Ke5 77. a4 Kd5 78.
a5 Kc6 79. Kf2 Bd3 80. Nxd3 1-0

[Event "Manhem IM Swiss 2002"]
[Site "?"]
[Date "2002.06.15"]
[Round "8"]
[White "Pribyl, Josef"]
[Black "Mandelbaum, René"]
[Result "1-0"]
[WhiteElo "2413"]
[BlackElo "2169"]
[PlyCount "39"]
[EventDate "2003.06.08"]

1. Nf3 c5 2. e4 Nc6 3. Bb5 g6 4. O-O Bg7 5. Re1 e5 6. Bxc6 dxc6 7. d3 f6 8. Be3
Qe7 9. Qc1 Bg4 10. Nbd2 g5 11. a4 a5 12. c3 Nh6 13. d4 cxd4 14. cxd4 exd4 15.
Bxd4 Nf7 16. e5 fxe5 17. Nxe5 Nxe5 18. Bxe5 Bxe5 19. Nc4 Be2 20. Rxe2 1-0

[Event "Manhem IM Swiss 2002"]
[Site "?"]
[Date "2002.06.15"]
[Round "8"]
[White "Pedersen, Öyvind"]
[Black "Andersson, Fredrik"]
[Result "1-0"]
[WhiteElo "2051"]
[BlackElo "2098"]
[PlyCount "105"]
[EventDate "2003.06.08"]

1. e4 c5 2. c3 Nf6 3. e5 Nd5 4. d4 cxd4 5. cxd4 e6 6. Nf3 b6 7. Bd3 Bb4+ 8. Bd2
Bxd2+ 9. Qxd2 O-O 10. O-O Ba6 11. Nc3 Nxc3 12. bxc3 Qc8 13. Ng5 h6 14. Ne4 Bxd3
15. Qxd3 Qa6 16. Qg3 Nc6 17. Qh4 d5 18. exd6 f5 19. Ng3 Rad8 20. Nh5 Rxd6 21.
Nxg7 Rf7 22. Nxf5 exf5 23. Qg3+ Rg7 24. Qxd6 Ne7 25. Qxh6 Qe2 26. Qe3 Qg4 27.
g3 Ng6 28. f3 Qh3 29. Rf2 f4 30. Qe8+ Kh7 31. Qe2 fxg3 32. hxg3 Nh4 33. Rh2
Qxg3+ 34. Kh1 Kg8 35. Qf2 Nf5 36. Qxg3 Nxg3+ 37. Kg2 Ne4+ 38. Kf1 Nxc3 39. Rg2
a5 40. Rxg7+ Kxg7 41. a4 Kf6 42. Ke1 Kf5 43. Kd2 Nd5 44. Kd3 Nb4+ 45. Kc4 Nc2
46. Ra2 Ne3+ 47. Kb5 Nd5 48. Ra3 Nb4 49. Kxb6 Nc2 50. Rd3 Nb4 51. Rd2 Nd5+ 52.
Kxa5 Kf4 53. Rd3 1-0

[Event "Manhem IM Swiss 2002"]
[Site "?"]
[Date "2002.06.15"]
[Round "8"]
[White "Smetankin, Stanislav"]
[Black "Westerinen, Heikki"]
[Result "1/2-1/2"]
[WhiteElo "2455"]
[BlackElo "2403"]
[PlyCount "41"]
[EventDate "2003.06.08"]

1. e4 e5 2. Nf3 Nc6 3. d4 exd4 4. Nxd4 Bc5 5. Nxc6 bxc6 6. Bd3 Ne7 7. O-O d6 8.
Kh1 O-O 9. f4 f5 10. Nd2 Be6 11. c3 a5 12. b3 Rf6 13. Qc2 Qd7 14. exf5 Bxf5 15.
Ne4 Bxe4 16. Bxe4 Nf5 17. Qd3 Re8 18. g4 Ng3+ 19. Qxg3 Rxe4 20. f5 h5 21. h3
1/2-1/2